000 00535nam a2200157 4500
999 _c80463
_d80463
008 201207b ||||| |||| 00| 0 eng d
040 _bger
_cSTAFF
_erda
041 _ager
100 _aSeydewitz, Nicole:
245 _a"Strichelchenmanie"par excellence:
_bKeramik von Hedwig Bollhagen/
_cNicole Seydewitz
773 _dBerlin: Die Mark Brandenburg - Verlag für Regional- und Zeitgeschichte
_g(2020) Heft 117, S. 36-41: Abb.
_tDie Mark Brandenburg
942 _cA